| 000 | 00775nam a2200241 a 4500 | ||
|---|---|---|---|
| 001 | 2039400 | ||
| 003 | AM-YEHGA | ||
| 005 | 20260327104142.0 | ||
| 008 | 251107m2025 ai o||||r|||||00||p|arm|d | ||
| 020 | _a978-9939-979-55-7 | ||
| 040 | _aAM-YEHGA | ||
| 041 | 0 | _aarm | |
| 044 | _aai | ||
| 100 | 1 | _aԶաքարյան, Աննա | |
| 245 | 1 | 0 |
_aՍրտի երգեր, հոգու վերքեր. լուսնից անդին ։ _bԲանաստեղծություններ / _cԱ. Զաքարյան. |
| 246 | 1 | 4 | _aԼուսնից անդին |
| 260 |
_aԵրևան ։ _bԼուսակն, _c2025. |
||
| 300 | _aհատոր | ||
| 500 | _aԳրքին կից՝ 1 CD: | ||
| 505 | 1 | 0 | _gՀ. 1 (2025 ; 51 էջ, գունավոր լուսանկ.) |
| 650 | 1 | 4 | _aՀայ պոեզիա |
| 942 |
_2udc _cBK |
||
| 999 |
_c540811 _d540811 |
||